Star Wars Battlefront 2 Maps - Statistics

General Stats
  • This quiz has been taken 1,198 times
  • The average score is 10 of 15
Answer Stats
Hint Answer % Correct
Bunker (moon where Ewok's live) Endor
94%
Echo Base (big snowy planet) Hoth
91%
Swamp (Yoda's home planet) Dagobah
89%
Cloning Facility Kamino
89%
Theed (Gungan home planet) Naboo
89%
Jabba's Palace & Mos Eisley (Luke's home planet) Tatooine
87%
Refinery (Obi Wan and Anikin's show down was fought here in ep. III) Mustafar
82%
Jedi Temple Coruscant
78%
Beach Head (Wookie Planet) Kashyyyk
73%
Spire (Count Dooku was in hiding here) Geonosis
70%
Sinkhole (Greivous' hiding place) Utapau
63%
Marshland (jungle-like planet) Felucia
45%
Medical Facility (where the twins were born) Polis Massa
36%
Temple (forest type moon) Yavin IV
31%
War-Torn City Mygeeto
29%
No matching quizzes found
Score Distribution
Percent of People with Each Score
Percentile by Number Answered
Your Score History
You have not taken this quiz